Nofretete : die historische Gestalt hinter der Büste /

محفوظ في:

المؤلف الرئيسي: Maciejewski, Franz.

التنسيق: كتاب

اللغة: German

منشور في: Berlin : Osburg, 2012.

الطبعة: 1. Aufl.

الموضوعات:

الوسوم: إضافة وسم

لا توجد وسوم, كن أول من يضع وسما على هذه التسجيلة!

رقم الطلب: DT87.45 .M33

LEADER 00735nam a22002297a 4500
003 OSt
005 20260218120258.0
008 260218t2012 gw a 000 0 ger d
020 |a 9783940731807 
040 |c ARCE Library 
050 1 4 |a DT87.45  |b .M33 
100 1 |a Maciejewski, Franz. 
245 1 0 |a Nofretete :   |b die historische Gestalt hinter der Büste /   |c Franz Maciejewski. 
250 |a 1. Aufl. 
264 1 |a Berlin :   |b Osburg,   |c 2012. 
300 |a 180 p. :   |b ill. ;   |c 24 cm. 
504 |a Includes bibliographical references. 
600 0 0 |a Nefertiti,   |c Queen of Egypt,   |d active 14th century B.C. 
651 0 |a Egypt   |x History   |y Eighteenth dynasty, ca. 1570-1320 B.C. 
901 |a reviewed 
942 |2 lcc  |c BK 
999 |c 47496  |d 47496